000 00266nam a22001217a 4500
008 170411b xxu||||| |||| 00| 0 eng d
041 _aeng
080 _a618
100 _a10
101 _aSHM
245 _aOBSTETRICS AND GYNECOLOGY
_cZUSPAN.F.P
942 _2udc
_cBK
999 _c10335
_d10335